Cargando...

Extremophiles From Biology to Biotechnology

Detalles Bibliográficos
Autor Principal: Durvasula , Ravi V ed. Rao , Subba
Formato: Printed Book
Publicado: London CRC Press 2018
LEADER 00436nam a22001217a 4500
999 |c 279798  |d 279798 
020 |a 9781497874925 
082 |a 579.17  |b EXT.E 
100 |a Durvasula , Ravi V ed.  |a Rao , Subba  
245 |a Extremophiles   |b From Biology to Biotechnology  
260 |a London   |b CRC Press   |c 2018 
942 |c BK 
952 |0 0  |1 0  |4 0  |6 579_170000000000000_EXT_E  |7 0  |9 298300  |a CAMPUS  |b CAMPUS  |d 2020-03-18  |l 0  |o 579.17 EXT.E  |p 29421  |r 2020-03-18  |w 2020-03-18  |y BK